| 000 | 00746cab a2200229 4500 | ||
|---|---|---|---|
| 001 | WB2930-06 | ||
| 008 | 090401t1993 xxu||||| |||| 00| 0 eng d | ||
| 035 | _a(Sirsi) u87823 | ||
| 041 | _aeng | ||
| 100 | _aLewis, J. | ||
| 245 | _aGovernment to underwrite Olympic costs | ||
| 260 | _c1993 | ||
| 350 | _a0 | ||
| 490 |
_aBuilding Design _v(1136/137) 6 August 1993, 2(1) |
||
| 520 | _aGovernment has pledged to underwrite the £4bn cost of staging the Olympic Games in Manchester, it is hoped that the private sector will provide £2.3m with Government producing the remaining £1.7m. | ||
| 650 | _aFUNDING | ||
| 650 | _aMANCHESTER | ||
| 650 | _aOLYMPIC GAMES 2000 | ||
| 690 | _aBUILT ENVIRONMENT | ||
| 942 | _n0 | ||
| 948 | _c04/03/1997 | ||
| 999 |
_c55422 _d55422 |
||